02481nam a2200385 a 4500001001300000003000900013005001700022008004100039020001100080082001600091245002700107260003000134300001000164500003500174505001600209505041300225650002400638650002400662710001500686902000800701942000700709952011000716952011000826952012200936952011101058952011101169952012301280952011101403952011101514952011101625952011201736952011101848952012301959999001302082nice12345678IN_TiNIC20260116011327.0050524s1960 leia grd 000 0 eng  ac280000a297.03bBRI aEncyclopaedia of Islam aLeidenbE. J. Brillc1960 a1359p aincludes index and biblioraphy2 aNew Edition2 aNew Edition00gV 1.tEncyclopaedia of Islam-A-B.--gV 2.tEncyclopaedia of Islam- C-G.--gV 3.tEncyclopaedia of Islam- H-IRAM.--gV 4.tEncyclopaedia of Islam- I-KHA.--gV 6.tEncyclopaedia of Islam- MAHK-MID.--gV 7.tEncyclopaedia of Islam- MIF-NAZ.--gV 5.tEncyclopaedia of Islam- KHE-MAHI.--gV 8.tEncyclopaedia of Islam- NED-SAM.--gV 9.tEncyclopaedia of Islam- SAN-SZE.--gV12.tEncyclopaedia of Is aIslam-Encyclopaedia aEncyclopeadia-Islam2 aBrill, E.J bRHR cBK 001040708REFaHMIbHMIcREFd2018-08-30g2800.00l0o297.03 BRI V1p03109r0000-00-00w2026-01-16yBK 001040708REFaHMIbHMIcREFd2018-08-30g2800.00l0o297.03 BRI V2p05462r0000-00-00w2026-01-16yBK 001040708REFaHMIbHMIcREFd2018-08-30g2800.00l1o297.03 BRI V3p07551r2023-07-13s2023-07-04w2026-01-16yBK 001040708REFaHMIbHMIcREFd2018-08-30g2800.00l0o297.03 BRI V4p012063r0000-00-00w2026-01-16yBK 001040708REFaHMIbHMIcREFd2018-08-30g2800.00l0o297.03 BRI V6p014366r0000-00-00w2026-01-16yBK 001040708REFaHMIbHMIcREFd2018-08-30g2800.00l1o297.03 BRI V7p014573r2023-09-04s2023-07-10w2026-01-16yBK 001040708REFaHMIbHMIcREFd2018-08-30g2800.00l0o297.03 BRI V5p014694r0000-00-00w2026-01-16yBK 001040708REFaHMIbHMIcREFd2018-08-30g2800.00l0o297.03 BRI V8p017078r0000-00-00w2026-01-16yBK 001040708REFaHMIbHMIcREFd2018-08-30g2800.00l0o297.03 BRI V9p017977r0000-00-00w2026-01-16yBK 001040708REFaHMIbHMIcREFd2018-08-30g2800.00l0o297.03 BRI V12p021318r0000-00-00w2026-01-16yBK 001040708REFaHMIbHMIcREFd2018-08-30g2800.00l0o297.03 BRI V10p019654r2018-08-30w2018-08-30yBK 001040708REFaHMIbHMIcREFd2018-08-30g2800.00l2o297.03 BRI V11p020203r2019-08-09s2019-08-08w2018-08-30yBK c552d552